000 01115nam a2200253Ia 4500
003 OSt
005 20200811112726.0
008 191128s2012 ck gr 000 0dspa d
020 _a9789587491906
040 _aCO-JMCR
_cCO-JMCR
041 0 _aspa
082 0 4 _a368.001 /
_bP141s
_223
100 1 _aPalacios Sánchez, Fernando,
_eautor
_98566
245 1 0 _aSeguro :
_bcausas y soluciones de los conflictos entre asegurados y aseguradores con ocasión del siniestro /
_cFernando Palacios Sánchez
260 _aBogotá :
_bUniveridad de la Sabana,
_c2012.
300 _a192 páginas ;
_c24 cm.
490 _aColección estudios facultad de derecho ;
_v1
500 _aIncluye notas a pie de páginas, bibliografía: páginas 189-192.
505 0 _aProblemas que se generan entre seguros y aseguradores con ocasión del siniestro -- Marco conceptual -- Problemas que se presentan entre asegurados y aseguradores con ocasión del siniestro, por desconocimiento de los aspectos propios del seguro
650 2 4 _aSeguros
_98558
650 2 4 _aAsegurados
_98567
650 2 4 _aProblemas
_94555
942 _2ddc
_cBK
999 _c5990
_d5990